Penguins of Madagascar: Central Park Zoo Residents by Picture - Statistics

General Stats
  • This quiz has been taken 44 times
    42 since last reset
  • The average score is 17 of 43
Answer Stats
Picture Hint Answer % Correct
Formerly Alex/Alakay
100%
Formerly Skipper
88%
Formerly Rico
85%
Formerly Gloria
77%
King Julien XIII
77%
Formerly Melman
77%
Formerly Private
77%
Formerly Kowalski
73%
Formerly Marty
65%
Maurice
65%
Mort
65%
Marlene
58%
Joey
42%
Former Phil
42%
Formerly Dave
38%
Formerly Hans
38%
Former Mason
38%
Formerly Rhonda
35%
Roy
35%
Formerly Savio
35%
Eggy
31%
Formerly Lulu
31%
Roger
31%
Bada
27%
Bing
27%
Burt
27%
Formerly Manfredi and Johnson
27%
Formerly Clemson
23%
Leonard
23%
Muffy, Buffy and Fluffy
23%
Pinky
23%
Barry
19%
Becky
19%
Blue Hen
19%
Kendall, James, Carlos, and Logan
19%
Darla
15%
Randy
15%
Shelly
15%
Stacy
15%
Ted
15%
Bill
8%
Lucia
4%
Odee
4%
No matching quizzes found
Score Distribution
Percent of People with Each Score
Percentile by Number Answered
Your Score History
You have not taken this quiz since the last reset